| 000 | 00517nam a2200205Ia 4500 | ||
|---|---|---|---|
| 001 | 9596 | ||
| 003 | AR-BaAGN | ||
| 005 | 20231116141431.0 | ||
| 007 | ta | ||
| 008 | 211213s1931 ag |||||||||||||| ||spa d | ||
| 040 |
_dAR-BaAGN _aAR-BaAGN _bspa _eaacr |
||
| 100 | _aPío XI, Papa | ||
| 245 | 1 | 0 |
_aLa verdad sobre el matrimonio / _cPapa Pío XI |
| 260 |
_aBuenos Aires : _bEl Pueblo, _c1931. |
||
| 300 | _a44 páginas | ||
| 336 |
_2rdacontent _btxt |
||
| 337 |
_2rdamedia _bn |
||
| 338 |
_2rdacarrier _bnc |
||
| 942 | _cLIBRO | ||
| 999 |
_c9596 _d9596 |
||